Estudio piloto de interconectividad MINSA central de unidades de salud Boaco, Chontales, Río San Juan y la RAAS
Presenta un estudio de conectividad para implementar una red de datos estables y seguras que conecte a las delegaciones del MINSA oficina central, SILAIS, hospitales y centro de salud de los municipios del departamento de Boaco, Chontales, Río San Juan y a municipios de la RAAS contribuyendo a la o...
| Main Author: | |
|---|---|
| Other Authors: | |
| Format: | Tesis Section = Libro |
| Language: | Undetermined Spanish |
| Published: |
Managua
UNI
2011
|
| Subjects: |
| LEADER | 01177nam a2200229Ia 4500 | ||
|---|---|---|---|
| 008 | 240830s9999 xx 000 0 und d | ||
| 040 | |a BIBLIOTECA-RUSB/ T.Mon 004.64 J83 | ||
| 041 | |a spa | ||
| 082 | |a T.Mon 004.64 J83 | ||
| 100 | 1 | |a José Sánchez, Jim Michael | |
| 245 | 1 | 0 | |a Estudio piloto de interconectividad MINSA central de unidades de salud Boaco, Chontales, Río San Juan y la RAAS |
| 260 | |a Managua |b UNI |c 2011 | ||
| 300 | |a 34 p. :il. | ||
| 502 | |a Tesis (Ingeniero en Computación) - UNI, 2011. | ||
| 520 | 3 | |a Presenta un estudio de conectividad para implementar una red de datos estables y seguras que conecte a las delegaciones del MINSA oficina central, SILAIS, hospitales y centro de salud de los municipios del departamento de Boaco, Chontales, Río San Juan y a municipios de la RAAS contribuyendo a la optimización de recursos, mejora del servicio a los pacientes y solventar las debilidades de la comunicación. | |
| 650 | 7 | |a CONECTIVIDAD - TELECOMUNICACIONES | |
| 650 | 7 | |b REDES DE COMUNICACIONES | |
| 650 | 7 | |c TECNOLOGÍA DE LA COMUNICACIÓN | |
| 700 | 1 | |a Tutor: |b Nororí Paguaga, Verónica | |
| 942 | |c BK |2 ddc | ||
| 991 | |a TESIS | ||
| 999 | |c 21578 | ||